00596nam a2200133Ia 4500008004100000100002700041245015400068245008700222260005300309260001600362300000800378650001500386856006100401170221s9999 xx 000 0 und d aVictoria V. Prokhorova aProspects of the Agro-industrial Complex Development: Economic Diversification, Business Development, Mono-industry Town Strengthening and Expansion  cVictoria V. Prokhorova, Elena N. Klochko, Oksana N. Kolomyts, Alexandr V. Gladilin bInternational Review of Management and Marketing cAugust 2013 a2:3 xMarketing. uhttp://www.econjournals.com/index.php/irmm/issue/view/86